00470nam a22001817a 4500001000500000005001700005008004100022040002900063082001200092100001400104245003200118260001700150300003300167505000600200520003700206521002700243521001800270133720230818083634.0230818b cb ||||| |||| 00| 0 eng d aFISKHbengcFISKHdFISKH a808.068 aAnonymous aBaby Goofy's missing mitten bDisneyc1988 a6 unnumbered pages :c18 cm. aD aThis is "a book about matching." a310 bLexile estimate aD bRaz-Plus